La réponse contient "Super" - Statistiques

Statistiques générales
  • Ce quiz a été pris 293 fois
    253 depuis la dernière actualisation
  • Le résultat moyen est 12 sur 20
Statistiques - réponses
Indice Réponse % Correct
Plombier de jeu vidéo Super Mario
97%
Grande épicerie Supermarché
96%
Batman ou Spider-man par exemple Super héros
92%
Ancien résident de Krypton Superman
88%
Explosion stellaire Supernova
88%
Colle puissante Super Glue
84%
Une méga célébrité Superstar
84%
Championnat de Football Américain Super Bowl
71%
Plus rapide que le son Supersonique
71%
Pays qui, par leurs ressources économiques, militaires, politiques et culturelles, dominent le monde Superpuissance
69%
Qui ne traduit pas les sentiments profonds, qui n'est qu'apparent. Superficiel
59%
Croyance irrationnelle Superstition
53%
Ensemble des procédés grammaticaux qui expriment la qualité au degré le plus élevé. Superlatif
49%
La Pangée en était une Supercontinent
48%
Boss, qui contrôle un travail effectué par d'autres Superviseur
45%
Film ou spectacle réalisé à grands frais Superproduction
34%
Groupe britannique de rock interprète de "Dreamer" Supertramp
33%
Catégorie en boxe, situé entre "légers" et "mi-moyens" Super légers
27%
Le plus puissant du monde coûte 600 millions de dollars et est capable de 1,19 exaFLOPS Superordinateur
27%
Série racontant l'histoire des frères Winchester Supernatural
21%
Aucun quiz correspondant
Distribution des résultats
% des personnes avec chaque résultat
Percentile par nombre de réponses
Votre historique - résultats
Vous n’avez pas pris ce quiz depuis la dernière actualisation